[Event "Saint-Quentin"]
[Site "?"]
[Date "1998.??.??"]
[Round "?"]
[White "Gayraud, C."]
[Black "Ferre, G."]
[Result "0-1"]
[WhiteElo "2730"]
[BlackElo "2700"]
[PlyCount "60"]
[EventDate "1998.??.??"]
[Source "www.chesslib.no"]
[SourceDate "2004.05.04"]

1. e4 e5 2. f4 Bc5 3. Nf3 d6 4. Bc4 Bg4 5. c3 Nc6 6. d4 exd4 7. h3 Bxf3 8. Qxf3 dxc3 9. bxc3 Qf6 10. Be3 Bxe3 11. Qxe3 Nb4 12. Qc1 Qh4+ 13. Kd1 Nc6 14. Qe3 Qe7 15. Re1 Nf6 16. g4 O-O 17. Nd2 Rfe8 18. g5 Nd7 19. Rg1 Nb6 20. Bb3 Kh8 21. h4 Rad8 22. Rg3 d5 23. e5 d4 24. Qf3 dxc3 25. Qxc3 Rd4 26. Qe3 Red8 27. Rg2 Rd3 28. Qe1 Nd4 29. Rc1 Nf3 30. Qe4 Rxd2+ 0-1

[Event "ROM-chT"]
[Site "Eforie Nord"]
[Date "2000.12.20"]
[Round "3"]
[White "Fedorov, Alexei"]
[Black "Marin, Mihail"]
[Result "1/2-1/2"]
[WhiteElo "2646"]
[BlackElo "2557"]
[PlyCount "36"]
[EventDate "2000.12.18"]
[Source "ChessBase"]
[SourceDate "2001.03.20"]

1. e4 e5 2. f4 Bc5 3. Nf3 d6 4. Nc3 Nf6 5. Bc4 Nc6 6. d3 Bg4 7. Na4 O-O 8. Nxc5 dxc5 9. O-O Qd6 10. f5 Nd4 11. a4 a6 12. c3 b5 13. cxd4 Bxf3 14. Qxf3 bxc4 15. dxe5 Qxe5 16. Bf4 Qd4+ 17. Be3 Qxb2 18. Bxc5 Rfe8 1/2-1/2

[Event "Krasnodar"]
[Site "?"]
[Date "1997.??.??"]
[Round "?"]
[White "Fedorov, A."]
[Black "Giorgadze, G."]
[Result "1/2-1/2"]
[WhiteElo "2580"]
[BlackElo "2595"]
[PlyCount "57"]
[EventDate "1997.??.??"]
[Source "ChessBase"]
[SourceDate "1997.02.01"]

1. e4 e5 2. f4 Bc5 3. Nf3 d6 4. Nc3 Nf6 5. Bc4 c6 6. fxe5 dxe5 7. Qe2 Qe7 8. d3 Bg4 9. h3 Nh5 10. Bg5 f6 11. hxg4 Ng3 12. Qd2 Nxh1 13. Be3 h5 14. Nh4 Bxe3 15. Qxe3 Qb4 16. O-O-O hxg4 17. Nf5 Kf8 18. a3 Qb6 19. d4 Nd7 20. Qe2 Qc7 21. Nxg7 Nc5 22. Nf5 exd4 23. Qxg4 dxc3 24. Qg6 Nxe4 25. Rd6 Nxd6 26. Qxf6+ Nf7 27. Bxf7 Qxf7 28. Qxh8+ Qg8 29. Qf6+ 1/2-1/2

[Event "Corr"]
[Site "?"]
[Date "2000.09.30"]
[Round "?"]
[White "Nimtz Manfred"]
[Black "Lueers Jan Christoffer"]
[Result "1-0"]
[WhiteElo "2627"]
[BlackElo "2516"]
[PlyCount "97"]
[EventDate "2000.??.??"]
[Source "www.chesslib.no"]
[SourceDate "2004.05.04"]

1. e4 e5 2. f4 Bc5 3. Nf3 d6 4. Nc3 Nf6 5. Bc4 Nc6 6. d3 a6 7. fxe5 dxe5 8. Bg5 h6 9. Bh4 Qd6 10. Qd2 Na5 11. Bb3 Nxb3 12. axb3 Bg4 13. Rf1 Bb4 14. h3 Bxf3 15. Rxf3 Nd7 16. Bf2 c6 17. Be3 O-O 18. Qf2 a5 19. Kf1 Bc5 20. Nd1 b5 21. Bxc5 Nxc5 22. Ne3 Ne6 23. Kg1 Qd8 24. Kh1 f6 25. Nf5 Rf7 26. Qg3 Kh7 27. Qg4 Rd7 28. Kh2 c5 29. Ne3 Ra6 30. Rff1 Nd4 31. Rf2 Rdd6 32. g3 Nc6 33. Qf5+ Kh8 34. Qh5 Ne7 35. Raf1 Ra8 36. g4 Qe8 37. Qxe8+ Rxe8 38. h4 Kh7 39. g5 hxg5 40. hxg5 fxg5 41. Kg3 Kg6 42. Rf8 Rdd8 43. R8f7 Rd6 44. Ng4 Re6 45. Rf8 Nc6 46. R1f7 Rxf8 47. Rxf8 Kh5 48. Rh8+ Kg6 49. Rc8 1-0

[Event "New York"]
[Site "?"]
[Date "1991.??.??"]
[Round "?"]
[White "Gurevich, Ilya M"]
[Black "Kamsky, Gata"]
[Result "1/2-1/2"]
[WhiteElo "2495"]
[BlackElo "2640"]
[PlyCount "29"]
[EventDate "1991.??.??"]
[Source "www.chesslib.no"]
[SourceDate "2004.05.04"]

1. e4 e5 2. f4 Bc5 3. Nf3 d6 4. Nc3 Nf6 5. Bc4 Nc6 6. fxe5 dxe5 7. d3 h6 8. Na4 Bd6 9. O-O Na5 10. Bb3 O-O 11. Qe1 Nxb3 12. axb3 a5 13. Bd2 b5 14. Nc3 c6 15. Nh4 1/2-1/2

[Event "Europa ch 2008"]
[Site "Plovdiv BUL"]
[Date "2008.05.01"]
[Round "10.61"]
[White "Mista, Aleksander"]
[Black "Azarov, Sergei"]
[Result "1-0"]
[WhiteElo "2537"]
[BlackElo "2584"]
[PlyCount "133"]
[EventDate "2008.04.21"]
[Source "www.chesslib.no"]
[SourceDate "2004.05.04"]

1. e4 e5 2. f4 Bc5 3. Nf3 d6 4. Nc3 Nf6 5. Bc4 Nc6 6. d3 a6 7. Nd5 h6 8. f5 Na5 9. Qe2 b5 10. Nxf6+ Qxf6 11. Bd5 c6 12. Bb3 d5 13. Be3 d4 14. Bd2 Bb6 15. g4 Qe7 16. Qg2 Bb7 17. Qg3 Nxb3 18. axb3 Bc7 19. Rg1 f6 20. h4 c5 21. g5 hxg5 22. hxg5 O-O-O 23. Ke2 Qd6 24. Rh1 c4 25. Rxh8 Rxh8 26. gxf6 gxf6 27. Qg7 Rd8 28. bxc4 bxc4 29. Rh1 c3 30. bxc3 dxc3 31. Bxc3 Qc5 32. Bd2 Qxc2 33. Ne1 Qc6 34. Rh6 Qb5 35. Rh7 Qd7 36. Qg6 Qd6 37. Qf7 Rd7 38. Rh8+ Rd8 39. Rh7 Rd7 40. Qg8+ Rd8 41. Qc4 Kb8 42. Rf7 Rh8 43. Nf3 Bb6 44. Bb4 Qd8 45. Qe6 Rg8 46. Be7 Rg2+ 47. Ke1 Ba5+ 48. Kf1 Qxd3+ 49. Kxg2 Qe2+ 50. Kg3 Be1+ 51. Kg4 Qxe4+ 52. Kh5 Qxf3+ 53. Kg6 Qg2+ 54. Kh7 Bf2 55. Bxf6 Ka7 56. Bxe5 Qh1+ 57. Kg8 a5 58. f6 Qe4 59. Rd7 Qg2+ 60. Rg7 Qf3 61. f7 Bc5 62. Bd6 Bxd6 63. Qxd6 Bd5 64. Qc7+ Ka6 65. Rg6+ Kb5 66. Rb6+ Ka4 67. Qc2+ 1-0

[Event "La Coruna"]
[Site "?"]
[Date "1995.??.??"]
[Round "?"]
[White "Hector, J."]
[Black "Giorgadze, G."]
[Result "0-1"]
[WhiteElo "2510"]
[BlackElo "2605"]
[PlyCount "131"]
[EventDate "1995.??.??"]
[Source "ChessBase"]
[SourceDate "1995.10.01"]

1. e4 e5 2. f4 Bc5 3. Nf3 d6 4. c3 Bb6 5. Na3 Nf6 6. fxe5 dxe5 7. Nc4 Nxe4 8. Nxb6 axb6 9. Qe2 Bf5 10. d3 Nc5 11. Qxe5+ Qe7 12. Qxe7+ Kxe7 13. Bf4 Rc8 14. Nh4 Bxd3 15. O-O-O Be4 16. Bc4 b5 17. Bd5 Bxd5 18. Rxd5 Ne6 19. Nf5+ Kf8 20. Bg3 Nc6 21. a3 b4 22. cxb4 Nxb4 23. Rd7 Nc6 24. Rhd1 Rd8 25. Rxd8+ Rxd8 26. Rxd8+ Ncxd8 27. Kc2 g6 28. Ne3 f5 29. Nd5 c6 30. Nb6 Ke7 31. Nc8+ Kf6 32. a4 f4 33. Bf2 Ke5 34. Kd3 g5 35. Nb6 Nf7 36. Nc4+ Kf5 37. Na5 Ne5+ 38. Kc3 b5 39. b3 Ke4 40. Nb7 Kd5 41. a5 b4+ 42. Kd2 c5 43. a6 Nc6 44. g3 f3 45. g4 h6 46. Be3 Na7 47. Ke1 Kc6 48. Kf2 Nb5 49. h4 gxh4 50. Bxh6 Nbd4 51. g5 h3 52. Kg3 Nf5+ 53. Kxf3 Nf4 54. Nd8+ Kb6 55. Kxf4 h2 56. Kxf5 h1=Q 57. Ne6 Qh3+ 58. Kf6 Qf3+ 59. Ke7 Qf5 60. Nf8 Qe4+ 61. Kd6 Qd3+ 62. Ke7 Qe3+ 63. Kd6 Kxa6 64. Ne6 Kb6 65. Bf8 Qxb3 66. Nxc5 0-1

[Event "Biel"]
[Site "Biel"]
[Date "1989.??.??"]
[Round "?"]
[White "Hellers, Ferdinand"]
[Black "Sokolov, Ivan"]
[Result "1/2-1/2"]
[WhiteElo "2560"]
[BlackElo "2525"]
[PlyCount "32"]
[EventDate "1989.07.??"]
[Source "ChessBase"]

1. e4 e5 2. f4 Bc5 3. Nf3 d6 4. Nc3 Nf6 5. Bc4 c6 6. d3 O-O 7. fxe5 dxe5 8. Bg5 Be6 9. Bb3 Nbd7 10. Qd2 a5 11. Be3 Bxe3 12. Qxe3 Ng4 13. Qd2 Bxb3 14. axb3 Qb6 15. h3 Qe3+ 16. Qe2 Qxe2+ 1/2-1/2

[Event "Aars"]
[Site "?"]
[Date "1999.??.??"]
[Round "?"]
[White "Fedorov, Alex"]
[Black "Fyllingen, R."]
[Result "1-0"]
[WhiteElo "2655"]
[BlackElo "2410"]
[PlyCount "61"]
[EventDate "1999.??.??"]
[Source "Chess Informant"]
[SourceDate "1999.10.01"]

1. e4 e5 2. f4 Bc5 3. Nf3 d6 4. Nc3 Nf6 5. Bc4 Nc6 6. d3 a6 7. Nd5 Bg4 8. c3 Nh5 9. f5 h6 10. b4 Ba7 11. Be3 Ne7 12. Bxa7 Nxd5 13. Bxd5 Rxa7 14. O-O Nf4 15. Bb3 h5 16. d4 Qe7 17. Qd2 h4 18. Rae1 Bxf3 19. Rxf3 Qg5 20. Rd1 f6 21. Kh1 Rh6 22. Rdf1 g6 23. dxe5 fxe5 24. Rxf4 exf4 25. Rxf4 gxf5 26. exf5 Kf8 27. h3 c6 28. Be6 d5 29. Qd4 Ra8 30. Rg4 Qf6 31. Rg8+ 1-0

[Event "Berliner Sommer"]
[Site "Berlin"]
[Date "1997.??.??"]
[Round "9"]
[White "David, Alberto"]
[Black "Sturua, Zurab"]
[Result "1-0"]
[WhiteElo "2460"]
[BlackElo "2585"]
[PlyCount "49"]
[EventDate "1997.08.??"]
[Source "ChessBase"]
[SourceDate "1997.09.26"]

1. e4 e5 2. f4 Bc5 3. Nf3 d6 4. Nc3 Nf6 5. Bc4 Nc6 6. d3 a6 7. fxe5 dxe5 8. Bg5 h6 9. Bh4 Qd6 10. Rf1 Bb4 11. Nd2 g5 12. Bg3 O-O 13. Nd5 Nxd5 14. Bxd5 Bxd2+ 15. Qxd2 Ne7 16. Bb3 Kg7 17. O-O-O c5 18. Rxf7+ Rxf7 19. Bxf7 Kxf7 20. Rf1+ Kg6 21. Qf2 Qe6 22. Qf8 Nc6 23. Qh8 Ra7 24. Rf8 Bd7 25. h4 1-0

[Event "Moscow"]
[Site "?"]
[Date "1996.??.??"]
[Round "?"]
[White "Fedorov, A."]
[Black "Najer, E."]
[Result "1-0"]
[WhiteElo "2555"]
[BlackElo "2480"]
[PlyCount "69"]
[EventDate "1996.??.??"]
[Source "ChessBase"]
[SourceDate "1996.10.01"]

1. e4 e5 2. f4 Bc5 3. Nf3 d6 4. Nc3 Bg4 5. h3 Bxf3 6. Qxf3 Nc6 7. Bb5 Nge7 8. f5 a6 9. Ba4 b5 10. Bb3 Nd4 11. Qg4 O-O 12. f6 Ng6 13. Nd5 c6 14. Ne7+ Kh8 15. fxg7+ Kxg7 16. Nf5+ Nxf5 17. exf5 h5 18. Qxh5 Rh8 19. Qf3 e4 20. Qc3+ Ne5 21. Qg3+ Kf8 22. d4 Bxd4 23. Bg5 Qa5+ 24. Bd2 Qb6 25. f6 Ke8 26. O-O-O a5 27. Bc3 Bxc3 28. Qxc3 b4 29. Qd2 d5 30. Bxd5 e3 31. Bxc6+ Nxc6 32. Qd7+ Kf8 33. Rd6 e2 34. Rxc6 Qe3+ 35. Qd2 1-0

[Event "SWE-ch"]
[Site "Linkoping"]
[Date "2001.07.05"]
[Round "6"]
[White "Berg, Emanuel"]
[Black "Hector, Jonny"]
[Result "0-1"]
[WhiteElo "2474"]
[BlackElo "2546"]
[PlyCount "66"]
[EventDate "2001.06.30"]
[Source "ChessBase"]
[SourceDate "2001.11.13"]

1. e4 e5 2. f4 Bc5 3. Nf3 d6 4. b4 Bb6 5. Bb2 Nf6 6. fxe5 dxe5 7. Bxe5 O-O 8. Bxf6 Qxf6 9. e5 Qf4 10. d4 Bg4 11. c3 Bxf3 12. gxf3 Nc6 13. Qd2 Qh4+ 14. Kd1 Rad8 15. Kc2 Bxd4 16. cxd4 Nxd4+ 17. Kb2 Nb5 18. Qe3 Qxb4+ 19. Kc1 Rd5 20. Bxb5 Rxb5 21. Qd2 Rc5+ 22. Kd1 Qa4+ 23. Ke1 Qh4+ 24. Ke2 Rxe5+ 25. Kf1 Rd8 26. Qc1 Qd4 27. Qxc7 Qd3+ 28. Kf2 Re2+ 29. Kg3 Qg6+ 30. Kh4 Qh6+ 31. Kg4 Rd4+ 32. f4 Rg2+ 33. Kf5 Qe6# 0-1

[Event "EU-chT (Men)"]
[Site "Pula"]
[Date "1997.??.??"]
[Round "1"]
[White "Fedorov, Alexei"]
[Black "Norri, Joose"]
[Result "1-0"]
[WhiteElo "2580"]
[BlackElo "2430"]
[PlyCount "61"]
[EventDate "1997.05.05"]
[Source "ChessBase"]

1. e4 e5 2. f4 Bc5 3. Nf3 d6 4. Nc3 Nf6 5. Bc4 Nc6 6. d3 Be6 7. Bb5 a6 8. Bxc6+ bxc6 9. f5 Bd7 10. Qe2 Qb8 11. Nd1 Qb5 12. c3 a5 13. Be3 Bc8 14. O-O Ba6 15. c4 Qb6 16. Kh1 Bxe3 17. Nxe3 Nd7 18. g4 f6 19. g5 O-O-O 20. Rg1 Nc5 21. gxf6 gxf6 22. Rg7 d5 23. exd5 Rhe8 24. Rd1 e4 25. dxe4 Nxe4 26. Nd4 cxd5 27. Ne6 d4 28. Nd5 Rxd5 29. Qxe4 Bxc4 30. Rc1 Bxa2 31. Nxc7 1-0

[Event "Richard Aronow mem"]
[Site "Philadelphia"]
[Date "2002.07.14"]
[Round "3"]
[White "Smith, Bryan G"]
[Black "Najer, Evgeniy"]
[Result "1/2-1/2"]
[WhiteElo "2412"]
[BlackElo "2585"]
[PlyCount "71"]
[EventDate "2002.07.12"]
[Source "ChessBase"]
[SourceDate "2002.09.11"]

1. e4 e5 2. f4 Bc5 3. Nf3 d6 4. Nc3 Nc6 5. Bb5 a6 6. Bxc6+ bxc6 7. fxe5 dxe5 8. d3 Ne7 9. Qe2 Ng6 10. Be3 Nf4 11. Bxf4 exf4 12. O-O-O Be3+ 13. Kb1 O-O 14. d4 Qe8 15. Qc4 Bg4 16. Rd3 Bxf3 17. gxf3 Qe6 18. Qxe6 fxe6 19. Nd1 c5 20. Nxe3 fxe3 21. dxc5 Rxf3 22. Re1 Rh3 23. Re2 Rf8 24. b4 Rf2 25. Rdxe3 Rfxh2 26. a4 Rxe2 27. Rxh3 Rxe4 28. b5 axb5 29. axb5 Rc4 30. b6 cxb6 31. cxb6 Rc8 32. Rc3 Rb8 33. Rc6 h5 34. Rxe6 Kf7 35. Rd6 Ke7 36. Rg6 1/2-1/2

[Event "Berliner Sommer"]
[Site "Berlin"]
[Date "1997.??.??"]
[Round "6"]
[White "David, Alberto"]
[Black "Mikhalevski, Victor"]
[Result "1/2-1/2"]
[WhiteElo "2460"]
[BlackElo "2535"]
[PlyCount "53"]
[EventDate "1997.08.??"]
[Source "ChessBase"]
[SourceDate "1997.09.26"]

1. e4 e5 2. f4 Bc5 3. Nf3 d6 4. Nc3 Nf6 5. Bc4 Nc6 6. d3 Bg4 7. Na4 Bb6 8. Nxb6 axb6 9. c3 O-O 10. O-O exf4 11. Bxf4 d5 12. exd5 Nxd5 13. Qd2 Bxf3 14. Rxf3 Na5 15. Be5 f6 16. Raf1 Re8 17. Bg3 Nxc4 18. dxc4 Ne3 19. Qxd8 Raxd8 20. Bxc7 Nxf1 21. Bxd8 Nxh2 22. Kxh2 Rxd8 23. Rf5 Rc8 24. Rb5 Rc6 25. c5 Rxc5 26. Rxb6 Rc7 27. a4 1/2-1/2

[Event "Mitropa Cup"]
[Site "Leipzig"]
[Date "2002.05.03"]
[Round "1.3"]
[White "Forster, Richard"]
[Black "Mikhalchishin, Adrian"]
[Result "0-1"]
[WhiteElo "2459"]
[BlackElo "2535"]
[PlyCount "80"]
[EventDate "2002.05.03"]
[Source "ChessBase"]
[SourceDate "2002.08.12"]

1. e4 e5 2. f4 Bc5 3. Nf3 d6 4. Nc3 Nf6 5. Bc4 Nc6 6. d3 Bg4 7. Na4 O-O 8. Nxc5 dxc5 9. O-O Nh5 10. h3 Bxf3 11. Qxf3 Nxf4 12. Bxf4 Nd4 13. Bxe5 Nxf3+ 14. Rxf3 Kh8 15. Bc3 f6 16. Re1 c6 17. a4 Qd7 18. e5 fxe5 19. Rg3 b5 20. Bb3 Rae8 21. Rxe5 b4 22. Rxe8 Rxe8 23. Rxg7 Qxg7 24. Bxg7+ Kxg7 25. Kf2 Kf6 26. Kf3 Re1 27. Kf4 Rf1+ 28. Ke4 Rg1 29. g4 Rh1 30. g5+ Kxg5 31. Ke5 Rxh3 32. Kd6 Rh6+ 33. Kxc5 Rf6 34. Kxb4 h5 35. d4 h4 36. d5 h3 37. dxc6 Rxc6 38. Bd5 Rxc2 39. b3 Kf4 40. Ka5 Rc5+ 0-1

[Event "Lyon"]
[Site "Lyon"]
[Date "1988.??.??"]
[Round "?"]
[White "Murey, Jacob"]
[Black "Sharif, Mershad"]
[Result "1-0"]
[WhiteElo "2535"]
[BlackElo "2450"]
[PlyCount "41"]
[EventDate "1988.04.??"]
[Source "ChessBase"]

1. e4 e5 2. f4 Bc5 3. Nf3 d6 4. c3 Nf6 5. d4 Bb6 6. fxe5 dxe5 7. Nxe5 Nxe4 8. Qe2 Bf5 9. Nd2 f6 10. Nxe4 fxe5 11. Ng3 O-O 12. Nxf5 Rxf5 13. Qe4 g6 14. Bc4+ Kg7 15. Be6 Rf8 16. Qxe5+ Qf6 17. Qxf6+ Rxf6 18. Bc8 Nc6 19. Bxb7 Re8+ 20. Kd1 Na5 21. Bf3 1-0

[Event "Budapest FS06 GM"]
[Site "Budapest"]
[Date "2002.06.06"]
[Round "6"]
[White "Shirazi, Kamran G"]
[Black "Koneru, Humpy"]
[Result "1-0"]
[WhiteElo "2486"]
[BlackElo "2486"]
[PlyCount "69"]
[EventDate "2002.06.01"]
[Source "ChessBase"]
[SourceDate "2002.07.08"]

1. e4 e5 2. f4 Bc5 3. Nf3 d6 4. Nc3 Nf6 5. fxe5 dxe5 6. Nxe5 Qd4 7. Nd3 Bb6 8. a4 a5 9. e5 Ng4 10. Nb5 Qd8 11. Qf3 Nc6 12. Be2 O-O 13. Qg3 Ncxe5 14. Rf1 Nxd3+ 15. cxd3 Re8 16. Kd1 Nh6 17. b3 Be6 18. Bb2 Bxb3+ 19. Kc1 f6 20. Bxf6 Qd7 21. Be5 Re7 22. d4 Be6 23. Bd3 Ng4 24. Qh4 h6 25. Ra3 Rf7 26. Rxf7 Qxf7 27. Rc3 c5 28. Bc2 cxd4 29. Bxd4 Qf1+ 30. Kb2 Bxd4 31. Nxd4 Bd7 32. Qe7 Nf6 33. Rg3 Nh5 34. Rf3 Qxg2 35. Qf7+ 1-0

[Event "JUG-ch 56th"]
[Site "Herceg Novi"]
[Date "2001.03.31"]
[Round "8"]
[White "Todorovic, Goran M"]
[Black "Blagojevic, Dragisa"]
[Result "1-0"]
[WhiteElo "2485"]
[BlackElo "2486"]
[PlyCount "73"]
[EventDate "2001.03.23"]
[Source "ChessBase"]
[SourceDate "2001.07.05"]

1. e4 e5 2. f4 Bc5 3. Nf3 d6 4. Nc3 Nf6 5. Bc4 Nc6 6. d3 Bg4 7. Na4 Bb6 8. Nxb6 axb6 9. c3 d5 10. exd5 Nxd5 11. h3 Bxf3 12. Qxf3 Nxf4 13. O-O O-O 14. Bxf4 exf4 15. Qxf4 Qd7 16. d4 Rae8 17. Rf3 Nd8 18. Raf1 Kh8 19. Rg3 f5 20. Re3 g6 21. Rfe1 Rxe3 22. Rxe3 Nf7 23. Qh4 Kg7 24. Re7 Qc6 25. Bb3 Qd6 26. Re6 Qd8 27. Qxd8 Nxd8 28. Re7+ Kf6 29. Rxc7 h5 30. Rd7 h4 31. Rd6+ Kg5 32. Rxb6 Re8 33. Rd6 Nc6 34. Kf2 Re7 35. Re6 Rxe6 36. Bxe6 Kf4 37. Bd5 1-0

[Event "WJun, Athens GRE"]
[Site "?"]
[Date "2001.??.??"]
[Round "5"]
[White "Berg, E."]
[Black "Azarov, S."]
[Result "0-1"]
[WhiteElo "2495"]
[BlackElo "2460"]
[PlyCount "58"]
[EventDate "2001.??.??"]
[Source "www.chesslib.no"]
[SourceDate "2004.05.04"]

1. e4 e5 2. f4 Bc5 3. Nf3 d6 4. Nc3 Nf6 5. Bc4 Nc6 6. d3 a6 7. Rf1 Bg4 8. h3 Bxf3 9. Rxf3 Nh5 10. Ne2 Qe7 11. c3 O-O-O 12. b4 Bb6 13. f5 Nf4 14. Bxf4 exf4 15. Rxf4 Ne5 16. Qd2 d5 17. exd5 Nxc4 18. Rxc4 Be3 19. Qc2 Rxd5 20. Re4 Qg5 21. h4 Qxg2 22. Rxe3 Qh1+ 23. Kd2 Qxa1 24. Nc1 Rxf5 25. Re1 Rf2+ 26. Ne2 Re8 27. Qb3 Qxe1+ 28. Kxe1 Rexe2+ 29. Kd1 Rb2 0-1

[Event "6th Gibtelecom Masters"]
[Site "Gibraltar ENG"]
[Date "2008.01.30"]
[Round "9"]
[White "Ly, M."]
[Black "Mikhalevski, V."]
[Result "1/2-1/2"]
[WhiteElo "2319"]
[BlackElo "2632"]
[PlyCount "107"]
[EventDate "2008.01.22"]
[Source "www.chesslib.no"]
[SourceDate "2004.05.04"]

1. e4 e5 2. f4 Bc5 3. Nf3 d6 4. c3 Nf6 5. fxe5 dxe5 6. Nxe5 O-O 7. d4 Nxe4 8. Qd3 Bf5 9. Qf3 g6 10. Bc4 Bd6 11. g4 Qh4+ 12. Kf1 Bxe5 13. gxf5 Nd6 14. Bb3 Bg7 15. fxg6 hxg6 16. Rg1 Re8 17. Be3 Kf8 18. Bf2 Qh6 19. Na3 Nd7 20. Nb5 Nf6 21. Nxc7 Re4 22. Bg3 Nf5 23. Nxa8 Ne3+ 24. Ke2 Nc4+ 25. Qxe4 Qd2+ 26. Kf1 Nxe4 27. Bxc4 Qxb2 28. Rd1 Nd2+ 29. Rxd2 Qxd2 30. Bd6+ Kg8 31. Rg3 b5 32. Bb3 b4 33. Bxb4 Qxh2 34. Rf3 Qh1+ 35. Kf2 Bf6 36. Bd5 Kg7 37. Ke2 Qh5 38. Bc6 g5 39. Kd3 g4 40. Re3 Qf5+ 41. Kc4 Qf2 42. Re4 Qf1+ 43. Kb3 Qd1+ 44. Kc4 Qf1+ 45. Kd5 Qf5+ 46. Kd6 g3 47. Re2 Qg4 48. Rg2 Bd8 49. Bd5 Kf6 50. Rg1 Qf5 51. Rxg3 Qf4+ 52. Kd7 Qf5+ 53. Kd6 Qf4+ 54. Kd7 1/2-1/2

[Event "RUS-Cup06"]
[Site "Nizhnij Novgorod"]
[Date "1998.06.29"]
[Round "1"]
[White "Sokolov, Alexander"]
[Black "Karpatchev, Aleksandr"]
[Result "1-0"]
[WhiteElo "2380"]
[BlackElo "2570"]
[PlyCount "55"]
[EventDate "1998.06.29"]
[Source "www.chesslib.no"]
[SourceDate "2004.05.04"]

1. e4 e5 2. f4 Bc5 3. Nf3 d6 4. Nc3 Nf6 5. Bc4 Nc6 6. d3 a6 7. Nd5 Nxd5 8. Bxd5 O-O 9. f5 Nd4 10. c3 Nxf3+ 11. Qxf3 c6 12. Bb3 b5 13. h4 Kh8 14. g4 Ra7 15. Bg5 f6 16. Bd2 d5 17. O-O-O a5 18. g5 a4 19. Bc2 d4 20. Qh5 dxc3 21. bxc3 Ba3+ 22. Kb1 Qb6 23. Rdg1 Kg8 24. gxf6 Rxf6 25. Qe8+ Rf8 26. Qxe5 b4 27. Bh6 Rff7 28. Rxg7+ 1-0

[Event "Reykjavik op"]
[Site "Reykjavik"]
[Date "2002.03.15"]
[Round "9"]
[White "Berg, Emanuel"]
[Black "Ivanov, Mikhail M"]
[Result "0-1"]
[WhiteElo "2500"]
[BlackElo "2446"]
[PlyCount "60"]
[EventDate "2002.03.07"]
[Source "ChessBase"]
[SourceDate "2002.05.03"]

1. e4 e5 2. f4 Bc5 3. Nf3 d6 4. Nc3 Nc6 5. Bc4 Bg4 6. Rf1 exf4 7. Bb5 Nf6 8. h3 Bxf3 9. Qxf3 O-O 10. Qxf4 Nd4 11. Bd3 Nd7 12. Na4 Ne6 13. Qg3 Bd4 14. Be2 Be5 15. Qf2 Nd4 16. Bd3 c5 17. Nc3 c4 18. Ne2 cxd3 19. Nxd4 Bxd4 20. Qxd4 Qh4+ 21. Rf2 f5 22. Qd5+ Kh8 23. exf5 Nf6 24. g3 Qxg3 25. Qxd3 Rae8+ 26. Kf1 Qh4 27. b3 Ne4 28. Rf3 Nc5 29. Qe3 Rxe3 30. dxe3 Rxf5 0-1

[Event "7th Amplico AIG Life"]
[Site "Warsaw POL"]
[Date "2007.12.15"]
[Round "5"]
[White "Mista, A."]
[Black "Plachetka, J."]
[Result "1-0"]
[WhiteElo "2543"]
[BlackElo "2398"]
[PlyCount "49"]
[EventDate "2007.12.15"]
[Source "www.chesslib.no"]
[SourceDate "2004.05.04"]

1. e4 e5 2. f4 Bc5 3. Nf3 d6 4. Nc3 Nf6 5. Bc4 Nc6 6. d3 a6 7. Nd5 Nxd5 8. Bxd5 Be6 9. Bxe6 fxe6 10. fxe5 dxe5 11. Ng5 Qd7 12. Qh5+ g6 13. Qh3 Nd4 14. Kd1 Be7 15. Rf1 Qc6 16. Rf2 O-O-O 17. c3 Nb5 18. Nf7 Nxc3+ 19. bxc3 Qxc3 20. Nxd8 Rxd8 21. Qxe6+ Rd7 22. Rb1 Ba3 23. Rc2 Qxd3+ 24. Rd2 Qxb1 25. Qe8+ 1-0

[Event "FRA Ch"]
[Site "Chambery"]
[Date "1994.??.??"]
[Round "?"]
[White "Bauer, Christian"]
[Black "Sharif, Mershad"]
[Result "1/2-1/2"]
[WhiteElo "2475"]
[BlackElo "2455"]
[PlyCount "23"]
[EventDate "1994.08.??"]
[Source "www.chesslib.no"]
[SourceDate "2004.05.04"]

1. e4 e5 2. f4 Bc5 3. Nc3 d6 4. fxe5 dxe5 5. Qh5 Qd4 6. Nf3 Qf2+ 7. Kd1 Nc6 8. Nd5 g6 9. Qg5 h6 10. Qg3 Qxg3 11. hxg3 Bd6 12. Bb5 1/2-1/2

[Event "It (Open) Bizovac CRO"]
[Site "?"]
[Date "2006.02.24"]
[Round "3"]
[White "Feletar Darko"]
[Black "Rogic Davor"]
[Result "0-1"]
[WhiteElo "2395"]
[BlackElo "2533"]
[PlyCount "88"]
[EventDate "2006.??.??"]
[Source "www.chesslib.no"]
[SourceDate "2004.05.04"]

1. e4 e5 2. f4 Bc5 3. Nf3 d6 4. Nc3 Nf6 5. Bc4 O-O 6. d3 c6 7. fxe5 dxe5 8. Qe2 b5 9. Bb3 Qd6 10. Be3 Nbd7 11. Nh4 Nb6 12. O-O Bxe3+ 13. Qxe3 Qd4 14. Qxd4 exd4 15. Ne2 c5 16. a4 Bg4 17. Nf3 a6 18. axb5 axb5 19. c3 dxc3 20. bxc3 Rfd8 21. d4 Nxe4 22. Bxf7+ Kxf7 23. Ne5+ Kg8 24. Nxg4 cxd4 25. cxd4 Nd5 26. Ne5 Ndc3 27. Nxc3 Nxc3 28. Nc6 Rxa1 29. Rxa1 Rd6 30. Ra6 Rf6 31. g3 h6 32. Kg2 Nd5 33. Ra8+ Kh7 34. Na5 Ne3+ 35. Kh3 Rf5 36. Kh4 g5+ 37. Kh5 g4+ 38. Kh4 h5 39. Ra7+ Kg8 40. Ra8+ Kf7 41. Ra7+ Ke8 42. Ra8+ Kd7 43. Ra7+ Kc8 44. Ra8+ Kc7 0-1

[Event "ARG-ch"]
[Site "Buenos Aires"]
[Date "1998.05.01"]
[Round "15"]
[White "Fiorito, Fabian"]
[Black "Giaccio, Alfredo Gustavo"]
[Result "1/2-1/2"]
[WhiteElo "2455"]
[BlackElo "2460"]
[PlyCount "21"]
[EventDate "1998.04.15"]
[Source "ChessBase"]
[SourceDate "1998.08.06"]

1. e4 e5 2. f4 Bc5 3. Nf3 d6 4. c3 Nf6 5. d4 exd4 6. cxd4 Bb6 7. Nc3 O-O 8. Be2 Re8 9. e5 dxe5 10. dxe5 Qxd1+ 11. Bxd1 1/2-1/2

[Event "V Highlands Open A"]
[Site "Zdar nad Sazavou CEC"]
[Date "2008.09.25"]
[Round "6"]
[White "Petr, Ma"]
[Black "Jirka, J."]
[Result "1-0"]
[WhiteElo "2451"]
[BlackElo "2457"]
[PlyCount "63"]
[EventDate "2008.09.20"]
[Source "www.chesslib.no"]
[SourceDate "2004.05.04"]

1. e4 e5 2. f4 Bc5 3. Nf3 d6 4. c3 Bb6 5. d4 exd4 6. cxd4 Nf6 7. e5 dxe5 8. fxe5 Nd5 9. Nc3 Nc6 10. Bg5 f6 11. exf6 gxf6 12. Bc4 Be6 13. Qe2 Kf7 14. Qe4 Nf4 15. Bxe6+ Nxe6 16. O-O Kg7 17. Qxe6 Re8 18. Qg4 fxg5 19. Kh1 h6 20. Rad1 Rf8 21. d5 Rf4 22. Qg3 Ne7 23. Nxg5 Rxf1+ 24. Rxf1 hxg5 25. Qe5+ Kh6 26. Rf7 Qh8 27. Qxe7 Re8 28. Rf6+ Kh5 29. Qf7+ Kh4 30. g3+ Kh3 31. Rh6+ Qxh6 32. Qf5+ 1-0

[Event "Yerevan"]
[Site "Yerevan"]
[Date "1981.??.??"]
[Round "12"]
[White "Arkhipkin, Yury"]
[Black "Kuzmin, Gennadi P"]
[Result "0-1"]
[WhiteElo "2360"]
[BlackElo "2545"]
[PlyCount "80"]
[EventDate "1981.??.??"]
[Source "ChessBase"]

1. e4 e5 2. f4 Bc5 3. Nf3 d6 4. c3 Bb6 5. fxe5 dxe5 6. Bc4 Nc6 7. Qe2 Qd6 8. Na3 Be6 9. Bb5 f6 10. Nc4 Bxc4 11. Qxc4 Nge7 12. b4 O-O-O 13. Bb2 Rhf8 14. O-O-O a6 15. Ba4 Kb8 16. Bc2 Ng6 17. g3 Rfe8 18. a3 Qd7 19. d4 exd4 20. cxd4 Qg4 21. Qf1 Rxe4 22. h3 Qe6 23. Bxe4 Qxe4 24. Qd3 Qd5 25. Kc2 a5 26. b5 Na7 27. a4 c6 28. Qb3 Qf5+ 29. Qd3 Qd7 30. d5 Qc8 31. d6 cxb5+ 32. Kb1 bxa4 33. Rhe1 Bc5 34. d7 Qc6 35. Nd4 Bxd4 36. Qxd4 Nb5 37. Re8 Rxe8 38. Rc1 Nxd4 39. Rxc6 Rd8 40. Rc4 Nc6 0-1

[Event "Biel-B"]
[Site "Biel"]
[Date "1990.??.??"]
[Round "11"]
[White "Gallagher, Joseph G"]
[Black "Costa, Jean Luc"]
[Result "0-1"]
[WhiteElo "2495"]
[BlackElo "2405"]
[PlyCount "50"]
[EventDate "1990.07.??"]
[Source "ChessBase"]

1. e4 e5 2. f4 Bc5 3. Nf3 d6 4. c3 f5 5. fxe5 dxe5 6. d4 exd4 7. Bc4 fxe4 8. Ng5 Nf6 9. Nf7 Qe7 10. Nxh8 Nc6 11. Bg5 Ne5 12. cxd4 Bg4 13. Qa4+ Bd7 14. Qb3 Bxd4 15. Nc3 Nd3+ 16. Bxd3 exd3+ 17. Kf1 O-O-O 18. Nf7 Rf8 19. Qc4 Bb6 20. Ne4 Rxf7 21. Nd6+ Qxd6 22. Qxf7 Qc5 23. Bh4 Qf5+ 24. Ke1 Qe4+ 25. Kd2 Ba5+ 0-1